000 01178cam a2200229 4500
001 ##L132067
008 051221n2004 000 0 eng u
020 _a0860176185
035 _a(Sirsi) u132067
041 0 _aeng
050 0 4 _a658.562 $2 18
100 1 _aDent, R.
245 0 0 _aBenchmarking the performance of design activities in construction
260 _aLondon
_bCIRIA
_c2004
300 _a69p.
_c30cm
490 0 _aCIRIA
_vC618
520 _aSummary version of the Construction Industry Research and Information Association Funders Report IP/34, 2003, which aimed at managing construction company design teams interested in promoting the concept of performance management within their organisations. Describes the work undertaken by CIRIA to investigate the key issues relating to performance measurement of design activities carried out by UK construction organisations. Concentrates on the conclusions drawn and recommendations for good practice and provides some background information.
690 _aConstruction management
_96230
700 1 0 _aStorey, D. J.
710 2 _aConstruction Industry Research and Information Association
_94810
942 _n0
999 _c105002
_d105002